书目信息 |
| 题名: |
三晋抗日寇
|
|
| 作者: | 张兴才 , 单海峰 著 | |
| 分册: | ||
| 出版信息: | 北京 长城出版社 2015 |
|
| 页数: | 265页 | |
| 开本: | 24cm | |
| 丛书名: | 中国抗日战争战场全景画卷丛书 | |
| 单 册: | ||
| 中图分类: | E296.931 | |
| 科图分类: | ||
| 主题词: | ||
| 电子资源: | ||
| ISBN: | 978-7-5483-0158-5 | |
| 000 | 01174oam2 2200277 45 | |
| 001 | 012001003929 | |
| 005 | 20140926114741.0 | |
| 010 | @a978-7-5483-0158-5@dCNY48.00 | |
| 100 | @a20151101d2015 em y0chiy50 ea | |
| 101 | 0 | @achi |
| 102 | @aCN@b110000 | |
| 105 | @aa z 000yy | |
| 106 | @ar | |
| 200 | 1 | @a三晋抗日寇@9san jin kang ri kou@e太原大会战影像全纪录@f张兴才,单海峰著 |
| 210 | @a北京@c长城出版社@d2015 | |
| 215 | @a265页@c图,照片@d24cm | |
| 225 | 1 | @a中国抗日战争战场全景画卷丛书@h第二辑@f徐华主编@v10 |
| 330 | @a本书全方位、多视角、全景式地讲述了太原大会战的全过程。1937年“七七”事变五十八天之后,日本侵略军发起了为期两个月的太原会战。会战自天镇战役开始,经历了平型关战役、忻口战役、娘子关战役和太原保卫战等。书中辅以中日历史资料图片,让读者更加直观地了解这段历史。 | |
| 461 | 0 | @12001 @a中国抗日战争战场全景画卷丛书 |
| 517 | 1 | @a太原大会战影像全纪录@9tai yuan da hui zhan ying xiang quan ji lu |
| 601 | 02 | @a国民党军@x抗日战争时期战役战斗@y山西@y太原@z1937@j史料 |
| 690 | @aE296.931@v5 | |
| 701 | 0 | @a张兴才@9zhang xing cai@4著 |
| 701 | 0 | @a单海峰@9shan hai feng@4著 |
| 801 | 0 | @aCN@b上海新华@c20180901 |
| 905 | @b1163852-6@dE296.931@e99@f5 | |
| 三晋抗日寇:太原大会战影像全纪录/张兴才,单海峰著.-北京:长城出版社,2015 |
| 265页:图,照片;24cm.-(中国抗日战争战场全景画卷丛书.第二辑/徐华主编;10) |
| ISBN 978-7-5483-0158-5:CNY48.00 |
| 本书全方位、多视角、全景式地讲述了太原大会战的全过程。1937年“七七”事变五十八天之后,日本侵略军发起了为期两个月的太原会战。会战自天镇战役开始,经历了平型关战役、忻口战役、娘子关战役和太原保卫战等。书中辅以中日历史资料图片,让读者更加直观地了解这段历史。 |
| ● |
| 相关链接 |
|
|
|
|
正题名:三晋抗日寇
索取号:E296.931/99
 
预约/预借
| 序号 | 登录号 | 条形码 | 馆藏地/架位号 | 状态 | 备注 |
| 1 | 1163852 | 211638520 | 第一样本阅览室/ [索取号:E296.931/99] | 在馆 | |
| 2 | 1163853 | 211638539 | 第一借阅区/ [索取号:E296.931/99] | 在馆 | |
| 3 | 1163854 | 211638548 | 第一借阅区/ [索取号:E296.931/99] | 在馆 | |
| 4 | 1163855 | 211638557 | 第一借阅区/ [索取号:E296.931/99] | 在馆 | |
| 5 | 1163856 | 211638566 | 密集书库-资源管理系/ [索取号:E296.931/99] | 在馆 |